Normal view
MARC view
Entry Personal Name
001 - CONTROL NUMBER
- control field: 1237924
003 - CONTROL NUMBER IDENTIFIER
- control field: OSt
005 - DATE AND TIME OF LATEST TRANSACTION
- control field: 20260430150601.0
008 - FIXED-LENGTH DATA ELEMENTS
- fixed length control field: 260430|| aca||aabn | a|a d
040 ## - CATALOGING SOURCE
- Original cataloging agency: OSt
- Transcribing agency: OSt
100 ## - HEADING--PERSONAL NAME
- Personal name: Nitesh Kumar Au.; Singh H. P. Gu.; Prugniel Philippe Gu
670 ## - SOURCE DATA FOUND
- Source citation: Work cat.: (OSt)1850139: Nitesh Kumar Au.; Singh H. P. Gu.; Prugniel Philippe Gu., Automated Analysis of Stellar Photometric and Spectroscopic Astronomical Data, 2024
